| 000 | 00429nam a22001217a 4500 | ||
|---|---|---|---|
| 008 | 230703b xxu||||| |||| 00| 0 eng d | ||
| 082 |
_a351.025 _bMOFA |
||
| 100 | _cMinistry of Foreign Affairs | ||
| 245 |
_aKenya Directory of the diplomatic Corps _bHigh Commissions Embassies consulates-General consuls Trade Commissions international Organizations |
||
| 260 |
_aKenya _bRepublic of kenya _c1967 |
||
| 300 | _a121p | ||
| 942 |
_2ddc _cBK |
||
| 999 |
_c3268 _d3268 |
||